| 000 | 00848nam a2200253Ia 4500 | ||
|---|---|---|---|
| 003 | OSt | ||
| 005 | 20220927105651.0 | ||
| 006 | a|||||r|||| 00| 0 | ||
| 007 | ta | ||
| 008 | 220926b |||||||| |||| 00| 0 eng d | ||
| 024 | _a194930 | ||
| 037 | _cReference Collections | ||
| 040 |
_aRTL _cRTL _beng |
||
| 041 |
_2eng _aeng |
||
| 082 | _a"Y:47, P6/TH" | ||
| 100 |
_aCHAKRABARTI Anindita _9374111 |
||
| 245 | 0 | _aSociological study of the Svadhyaya Movement. | |
| 260 |
_a"Delhi," _bUniversity of Delhi. _c2006 |
||
| 300 |
_a239p _ccm. |
||
| 490 | _a"University of Delhi,Sociology (Deptt.of-),Thesis. Thesis,University of Delhi,Sociology (Deptt.of-" | ||
| 500 | _aAppendix: p 209-226; Glossary: P 226; Bibliography: p 227-239 | ||
| 942 |
_h"Y:47, P6/TH" _cCC |
||
| 999 |
_c693805 _d693805 |
||